Una práctica teoría de las operaciones : herramientas para una ejecución con eficiencia, efectividad y legitimidad /

Detalles Bibliográficos
Autor principal: Singer González, Marcos Johanan (Autor)
Formato: Electrónico eBook
Lenguaje:español
Publicado: Santiago, Chile : Ediciones UC, [2017]
Materias:
Acceso en línea:Digitalia Hispánica

MARC

LEADER 00000nam a2200000Ii 4500
001 DIGUCCH0264
003 NyNyDIG
006 m o d
007 cr |||||||||||
008 250801s2017 cl a ob 000 0 spa d
035 |a (OCoLC)1027750385 
040 |a DGITA  |b eng  |e rda  |e pn  |c DGITA 
020 |a 9789561421912  |q edición digital 
020 |z 9789561421790  |q edición impresa 
050 1 4 |a TS155 ebook 
100 1 |a Singer González, Marcos Johanan,  |e author. 
245 1 4 |a Una práctica teoría de las operaciones :  |b herramientas para una ejecución con eficiencia, efectividad y legitimidad /  |c Marcos Singer. 
264 1 |a Santiago, Chile :  |b Ediciones UC,  |c [2017] 
300 |a 1 online resource :  |b illustrations. 
336 |a text  |b txt  |2 rdacontent 
337 |a computer  |b c  |2 rdamedia 
338 |a online resource  |b cr  |2 rdacarrier 
347 |a text file  |2 rdaft 
347 |b EPUB 
504 |a Includes bibliographical references. 
588 0 |a Online resource; title from ePub title page (Digitalia, viewed August 1, 2025) 
650 0 |a Production management. 
650 0 |a Reengineering (Management) 
776 0 8 |i Print version:  |a Singer González, Marcos Johanan.  |t Práctica teoría de las operaciones.  |d Santiago, Chile : Ediciones UC, [2017]  |z 9789561421790 
791 2 |a Digitalia (Firm),  |e distributor. 
793 0 |g Digitalia eBook Collection:  |a Universidad Católica de Chile 
856 4 0 |3 Digitalia Hispánica  |u https://www.digitaliapublishing.com/a/175563/ 
910 |a Premium collection: 2025